| 000 | 02197nam a22005295b 4500 | ||
|---|---|---|---|
| 001 | 393762 | ||
| 003 | DO-SdBNP | ||
| 005 | 20180221104534.0 | ||
| 007 | 393762 | ||
| 008 | 940209s1993 sp a |||| ||spa | ||
| 016 | 7 |
_a _2BPMSU |
|
| 017 |
_a _b |
||
| 020 | _a8434825171 | ||
| 035 | _a | ||
| 040 |
_aBPMSU _bspa _cBPMSU _e |
||
| 041 | 1 |
_aspa _h |
|
| 080 | 0 | _a | |
| 100 | 2 |
_aO'Callaghan i Duch, Elena _d1955- |
|
| 240 | 1 | 0 | _aBestieses i animalades / |
| 245 | 1 | 0 |
_aPerrerías de un gato / _h _cElena O'Callaghan i Duch ; ilustraciones, Roser Capdevila ; versión al castellano de la autora |
| 250 | _a7ª ed. | ||
| 260 |
_aMadrid : _bSM, _c1993 |
||
| 300 |
_a101 p.: _bil., _c19 cm |
||
| 490 | 0 |
_aEl barco de vapor _aSerie azul _v31 |
|
| 521 | _aA partir de 7 años. | ||
| 700 | 1 | 1 |
_aCapdevila, Roser _d1939- _eil. |
| 830 | 0 |
_aEl barco de vapor. _l _pSerie azulSerie azulvv _v31 |
|
| 942 |
_2ddc _cBK |
||
| 945 | _aInventariado, 2018/ YL | ||
| 956 |
_aVMATEO _210 _320160405 _6BPMSU _80069 |
||
| 980 |
_aM-BN _bBNMADRID _j9/97505 _cSG_RECOLET |
||
| 980 |
_aM 10894-2005 _a84-348-2517-1 _aM-BN _bBNALCALA _jAHM/16274 _cSALA_ALC |
||
| 980 |
_aM 52843-2002 _a84-348-2517-1 _aM-BN _bBNALCALA _jAHM/731335 _cSALA_ALC |
||
| 980 |
_aM 10894-2005 _a84-348-2517-1 _aM-BN _jAHMo/130600 |
||
| 980 |
_aM 20074-2000 _a84-348-2517-1 _aM-BN _bBNALCALA _jDL/1012727 _cCONSERVACI |
||
| 980 |
_aM-BN _bBNALCALA _jDL/599587 _cCONSERVACI |
||
| 980 |
_aM 30466-1993 _aM-BN _bBNALCALA _jDL/604585 _cCONSERVACI |
||
| 980 |
_aM 6315-1995 _aM-BN _bBNALCALA _jDL/701208 _cCONSERVACI |
||
| 980 |
_aM 13250-1997 _aM-BN _bBNALCALA _jDL/762278 _cCONSERVACI |
||
| 980 |
_aM 25914-1998 _aM-BN _bBNALCALA _jDL/844997 _cCONSERVACI |
||
| 980 |
_aM 28691-1999 _a84-348-2517-1 _aM-BN _bBNALCALA _jDL/941397 _cCONSERVACI |
||
| 980 |
_aM 1282-2001 _a84-348-2517-1 _aM-BN _bBNALCALA _jDL/1048087 _cCONSERVACI |
||
| 980 |
_aM 19959-2002 _a84-348-2517-1 _aM-BN _bBNALCALA _jDL/1141772 _cCONSERVACI |
||
| 980 |
_aM 52843-2002 _a84-348-2517-1 _aM-BN _bBNALCALA _jDL/1201143 _cCONSERVACI |
||
| 980 |
_aM 43578-2003 _a84-348-2517-1 _aM-BN _bBNALCALA _jDL/1276286 _cCONSERVACI |
||
| 980 |
_aM 10894-2005 _a84-348-2517-1 _aM-BN _bBNALCALA _jDL/1390618 _cCONSERVACI |
||
| 999 |
_c9544 _d9544 |
||